<?xml version="1.0" encoding="UTF-8"?>
<record
    xmlns:xsi="http://www.w3.org/2001/XMLSchema-instance"
    xsi:schemaLocation="http://www.loc.gov/MARC21/slim http://www.loc.gov/standards/marcxml/schema/MARC21slim.xsd"
    xmlns="http://www.loc.gov/MARC21/slim">

  <leader>00468nam a2200157   4500</leader>
  <controlfield tag="005">20260218122331.0</controlfield>
  <controlfield tag="008">260211b        |||||||| |||| 00| 0 eng d</controlfield>
  <datafield tag="041" ind1=" " ind2=" ">
    <subfield code="a">English</subfield>
  </datafield>
  <datafield tag="082" ind1=" " ind2=" ">
    <subfield code="a">F 610.73 GRo</subfield>
    <subfield code="b">B12212</subfield>
  </datafield>
  <datafield tag="100" ind1=" " ind2=" ">
    <subfield code="a">Grover,Vikas</subfield>
    <subfield code="9">216721</subfield>
  </datafield>
  <datafield tag="245" ind1=" " ind2=" ">
    <subfield code="a">AIIMS Norcet-9 nursing Officer 'B' General Knowledge</subfield>
    <subfield code="b">Common Elegibility test CBT Stage I</subfield>
  </datafield>
  <datafield tag="260" ind1=" " ind2=" ">
    <subfield code="a">New Delhi</subfield>
    <subfield code="b">BOOKHIVE INDIA</subfield>
    <subfield code="c">2025</subfield>
  </datafield>
  <datafield tag="300" ind1=" " ind2=" ">
    <subfield code="a">328p</subfield>
    <subfield code="b">pb</subfield>
  </datafield>
  <datafield tag="365" ind1=" " ind2=" ">
    <subfield code="a">Rupaye</subfield>
    <subfield code="b">260</subfield>
    <subfield code="c">INR</subfield>
  </datafield>
  <datafield tag="942" ind1=" " ind2=" ">
    <subfield code="c">BK</subfield>
  </datafield>
  <datafield tag="999" ind1=" " ind2=" ">
    <subfield code="c">370414</subfield>
    <subfield code="d">370414</subfield>
  </datafield>
  <datafield tag="952" ind1=" " ind2=" ">
    <subfield code="0">0</subfield>
    <subfield code="1">0</subfield>
    <subfield code="2">ddc</subfield>
    <subfield code="4">0</subfield>
    <subfield code="7">0</subfield>
    <subfield code="a">BTIN</subfield>
    <subfield code="b">BTIN</subfield>
    <subfield code="d">2026-02-11</subfield>
    <subfield code="e">Patil Medical Book</subfield>
    <subfield code="g">200.00</subfield>
    <subfield code="i">3168</subfield>
    <subfield code="l">0</subfield>
    <subfield code="o">F 610.73 GRo B12212</subfield>
    <subfield code="p">BTIN-BK-12212</subfield>
    <subfield code="r">2026-02-11 15:25:28</subfield>
    <subfield code="t">60</subfield>
    <subfield code="v">260.00</subfield>
    <subfield code="w">2026-01-21</subfield>
    <subfield code="y">BK</subfield>
    <subfield code="z">BTIN-BK-12212</subfield>
  </datafield>
</record>
